[Event "Stuttgart-chA int"]
[Site "Ditzingen"]
[Date "2016.05.05"]
[Round "1"]
[White "Kabisch, Thilo"]
[Black "Pfeifer, Wilfried"]
[Result "1-0"]
[WhiteElo "2309"]
[BlackElo "1995"]
[PlyCount "65"]
[EventDate "2016.05.05"]
[EventType "swiss"]
[EventRounds "7"]
[EventCountry "GER"]
[SourceTitle "EXT 2018"]
[Source "ChessBase"]
[SourceDate "2017.10.13"]
[SourceVersion "1"]
[SourceVersionDate "2017.10.13"]
[SourceQuality "1"]

1. e4 c6 2. d4 d5 3. Nc3 dxe4 4. Nxe4 Nf6 5. Ng5 Bg4 6. f3 Bf5 7. Bc4 e6 8. g4 Bg6 9. Ne2 Bd6 10. Be3 h5 11. gxh5 Bxh5 12. Qd2 Nd5 13. f4 Nd7 14. 0-0-0 N7f6 15. Rde1 Qc7 16. Rhf1 0-0-0 17. h3 c5 18. Bxd5 Nxd5 19. Nc3 Nxe3 20. Qxe3 Bg6 21. d5 exd5 22. Nxd5 Qa5 23. a3 Rhe8 24. Qxe8 Rxe8 25. Rxe8+ Kd7 26. Re3 c4 27. Rd1 Kc6 28. h4 Bh5 29. Rd2 Qc5 30. Ne4 Bxf4 31. Nxc5 Bxe3 32. Nxe3 Kxc5 33. Rd5+ 1-0

[Event "Stuttgart-chA int"]
[Site "Ditzingen"]
[Date "2013.05.10"]
[Round "4"]
[White "Ivanov, Alexander"]
[Black "Pfeifer, Wilfried"]
[Result "0-1"]
[WhiteElo "1910"]
[BlackElo "2050"]
[PlyCount "100"]
[EventDate "2013.05.09"]
[EventType "swiss"]
[EventRounds "7"]
[EventCountry "GER"]
[SourceTitle "EXT 2014"]
[Source "ChessBase"]
[SourceDate "2013.11.20"]
[SourceVersion "1"]
[SourceVersionDate "2013.11.20"]
[SourceQuality "1"]

1. e4 c6 2. Nf3 d5 3. Nc3 g6 4. exd5 cxd5 5. d4 Nc6 6. Bb5 a6 7. Ba4 e6 8. 0-0 b5 9. Bb3 Bg7 10. Re1 Nge7 11. Bf4 0-0 12. Qd2 Qb6 13. Bd6 Rd8 14. Bc5 Qc7 15. Ne2 a5 16. a4 b4 17. c3 bxc3 18. Nxc3 Ba6 19. Bd1 Nf5 20. Nb5 Qb7 21. g4 Bh6 22. Qc3 Nfe7 23. Be2 Bf8 24. Nd6 Qc7 25. Ng5 Rxd6 26. Bxd6 Qxd6 27. Qf3 Nd8 28. Bd1 Nec6 29. Qe3 Bg7 30. Nf3 Nb4 31. Ne5 Rc8 32. Bb3 Nc2 33. Bxc2 Rxc2 34. Rac1 Rxb2 35. Qc3 Rb4 36. Ra1 f6 37. Nd3 Bxd3 38. Qxd3 Qb6 39. Rac1 Nc6 40. Rxe6 Qxd4 41. Qxd4 Nxd4 42. Re7 Rc4 43. Rb1 Nc6 44. Rc7 Bf8 45. Rbb7 Rxg4+ 46. Kf1 Ne7 47. Rb8 Kf7 48. Ra7 Rxa4 49. Raa8 Bg7 50. Rb7 f5 0-1

[Event "Stuttgart-chA int"]
[Site "Ditzingen"]
[Date "2013.05.10"]
[Round "3"]
[White "Pfeifer, Wilfried"]
[Black "Zeller, Elisa"]
[Result "1/2-1/2"]
[WhiteElo "2050"]
[BlackElo "1896"]
[PlyCount "37"]
[EventDate "2013.05.09"]
[EventType "swiss"]
[EventRounds "7"]
[EventCountry "GER"]
[SourceTitle "EXT 2014"]
[Source "ChessBase"]
[SourceDate "2013.11.20"]
[SourceVersion "1"]
[SourceVersionDate "2013.11.20"]
[SourceQuality "1"]

1. f4 e6 2. Nf3 d5 3. e3 c5 4. b3 Nc6 5. Bb2 Nf6 6. Bb5 Bd7 7. 0-0 Be7 8. Bxc6 bxc6 9. Ne5 0-0 10. d3 a5 11. Nc3 d4 12. exd4 cxd4 13. Na4 c5 14. Nxd7 Nxd7 15. Qe2 Nf6 16. Rae1 Re8 17. Bc1 Bd6 18. c4 Qc7 19. Qf3 1/2-1/2

[Event "Stuttgart-chA int"]
[Site "Gerlingen"]
[Date "2011.06.02"]
[Round "1"]
[White "Mueller, Kai Markus"]
[Black "Pfeifer, Wilfried"]
[Result "1/2-1/2"]
[WhiteElo "1901"]
[BlackElo "2040"]
[PlyCount "112"]
[EventDate "2011.06.02"]
[EventType "swiss"]
[EventRounds "7"]
[EventCountry "GER"]
[SourceTitle "EXT 2018"]
[Source "ChessBase"]
[SourceDate "2017.10.13"]
[SourceVersion "1"]
[SourceVersionDate "2017.10.13"]
[SourceQuality "1"]

1. d4 f5 2. Bg5 g6 3. e3 Bg7 4. Bd3 d5 5. h4 h6 6. Bf4 Nf6 7. Nf3 Nbd7 8. Nc3 c6 9. h5 Nxh5 10. Rxh5 gxh5 11. Bxf5 0-0 12. Be6+ Kh8 13. Nh4 Qe8 14. Qd3 Rf6 15. Bf5 Qf7 16. Bg6 Rxg6 17. Qxg6 Kg8 18. Qg3 Kh7 19. 0-0-0 Nf6 20. f3 Bd7 21. Qf2 Rf8 22. Qd2 Ne8 23. Rg1 Bf5 24. g4 hxg4 25. fxg4 Bg6 26. g5 h5 27. Ne2 Kg8 28. Bg3 Be4 29. Nf4 e5 30. g6 Qe7 31. Nxh5 Qg5 32. Nxg7 Nxg7 33. Bf2 Qh5 34. dxe5 Qxe5 35. Ng2 Qh2 36. Nf4 Ne6 37. g7 Rf6 38. Re1 Nxf4 39. exf4 Qxf4 40. Be3 Qg4 41. Rg1 Qf3 42. b3 c5 43. Bg5 Rg6 44. Qe1 Qf5 45. Be7 Qf4+ 46. Kb1 Rxg1 47. Qxg1 Bxc2+ 48. Kxc2 Qe4+ 49. Kc1 Qxe7 50. Qh1 Qg5+ 51. Kb1 Qf5+ 52. Kb2 Qe5+ 53. Ka3 Kxg7 54. Qg1+ Kf6 55. Qg8 Qe6 56. Qd8+ Kf5 1/2-1/2

[Event "Stuttgart-chA int"]
[Site "Gerlingen"]
[Date "2007.05.18"]
[Round "3"]
[White "Ortmann, David"]
[Black "Pfeifer, Wilfried"]
[Result "1-0"]
[WhiteElo "2306"]
[BlackElo "2108"]
[PlyCount "101"]
[EventDate "2007.05.17"]
[EventType "swiss"]
[EventRounds "7"]
[EventCountry "GER"]
[SourceTitle "EXT 2018"]
[Source "ChessBase"]
[SourceDate "2017.10.13"]
[SourceVersion "1"]
[SourceVersionDate "2017.10.13"]
[SourceQuality "1"]

1. Nf3 f5 2. c4 Nf6 3. Nc3 d6 4. d4 g6 5. g3 Bg7 6. Bg2 0-0 7. 0-0 Qe8 8. d5 a5 9. Be3 Na6 10. Qd2 Bd7 11. Rfe1 Ng4 12. Bf4 Nc5 13. Nd4 Ne5 14. Bxe5 dxe5 15. Ndb5 Qc8 16. Rad1 c6 17. Na3 f4 18. dxc6 bxc6 19. Ne4 Nxe4 20. Qxd7 fxg3 21. fxg3 Nf2 22. Qxc8 Raxc8 23. Rd7 Rf7 24. Nc2 h5 25. b3 Bh6 26. Rf1 Ng4 27. Rxf7 Kxf7 28. Bh3 Ke6 29. Rd3 Rf8 30. a3 Rb8 31. b4 axb4 32. axb4 Rb7 33. Bg2 Rb6 34. Ra3 Bc1 35. Rb3 c5 36. b5 Kf5 37. h3 Nf6 38. Rb1 Bd2 39. Ra1 e4 40. Ra7 e6 41. Rc7 Bb4 42. Rf7 Ke5 43. Ra7 Bd2 44. Ra6 Nd7 45. Kf2 g5 46. e3 Kf5 47. g4+ hxg4 48. hxg4+ Kxg4 49. Bxe4 Bc3 50. Bc6 Rxc6 51. bxc6 1-0

[Event "Stuttgart-chA int"]
[Site "Ditzingen"]
[Date "2005.05.08"]
[Round "7"]
[White "Eisele, Steffen"]
[Black "Pfeifer, Wilfried"]
[Result "1-0"]
[WhiteElo "2214"]
[BlackElo "2094"]
[PlyCount "87"]
[EventDate "2005.05.05"]
[EventType "swiss"]
[EventRounds "7"]
[EventCountry "GER"]
[SourceTitle "EXT 2018"]
[Source "ChessBase"]
[SourceDate "2017.10.13"]
[SourceVersion "1"]
[SourceVersionDate "2017.10.13"]
[SourceQuality "1"]

1. e4 c6 2. d4 d5 3. e5 c5 4. c3 Nc6 5. dxc5 Nxe5 6. Nf3 Nxf3+ 7. Qxf3 e6 8. b4 Bd7 9. Bf4 Qf6 10. Qg3 Qg6 11. Na3 Qxg3 12. hxg3 Rc8 13. Nb5 a6 14. Nd6+ Bxd6 15. Bxd6 Bb5 16. a4 Bxf1 17. Kxf1 Nf6 18. f3 Nd7 19. Ke2 b6 20. Rhb1 f6 21. b5 a5 22. c6 Nf8 23. Bf4 Kd8 24. Be3 Kc7 25. c4 Rd8 26. c5 d4 27. cxb6+ Kxb6 28. Bd2 Rd6 29. Rc1 Ng6 30. f4 e5 31. Kd3 Re8 32. Re1 Re7 33. Rac1 Rc7 34. Rc4 Rd8 35. Bc1 Re7 36. Ba3 e4+ 37. Rxe4 Rxe4 38. Kxe4 d3 39. c7 Rc8 40. Bc5+ Kb7 41. b6 d2 42. Rd4 Kc6 43. Rxd2 Kxc5 44. b7 1-0

[Event "Stuttgart-chA"]
[Site "Stuttgart"]
[Date "2004.??.??"]
[Round "?"]
[White "Huhn, Stefan"]
[Black "Pfeifer, Wilfried"]
[Result "1-0"]
[WhiteElo "1810"]
[BlackElo "2125"]
[PlyCount "75"]
[EventDate "2004.05.20"]
[EventType "swiss"]
[EventRounds "7"]
[EventCountry "GER"]
[SourceTitle "EXT 2007"]
[Source "ChessBase"]
[SourceDate "2006.11.23"]
[SourceVersion "1"]
[SourceVersionDate "2006.11.23"]
[SourceQuality "1"]

1. d4 f5 2. Nf3 Nf6 3. Bg5 Ne4 4. Bf4 d6 5. Nbd2 Nd7 6. e3 g6 7. h4 Ndf6 8. Ng5 Nxd2 9. Qxd2 h6 10. Nf3 Be6 11. Bd3 c6 12. c3 Bg7 13. Qc2 0-0 14. Nd2 b5 15. c4 Qa5 16. 0-0 Rac8 17. a3 bxc4 18. Bxc4 d5 19. b4 Qb6 20. Bd3 a5 21. bxa5 Qxa5 22. Nb3 Qa4 23. Nc5 Qxc2 24. Bxc2 Kf7 25. Be5 Ne8 26. f4 Bxe5 27. fxe5 Nc7 28. g4 Ke8 29. Nxe6 Nxe6 30. gxf5 gxf5 31. Bxf5 Kd7 32. a4 Rg8+ 33. Kh2 Ra8 34. Rfb1 Ra7 35. a5 Rga8 36. a6 Rc7 37. Rb7 Ra7 38. Rxc7+ 1-0

[Event "Boeblingen op 19th"]
[Site "Boeblingen"]
[Date "2002.12.29"]
[Round "7"]
[White "Filipovic, Branko"]
[Black "Pfeifer, Wilfried"]
[Result "1-0"]
[WhiteElo "2446"]
[BlackElo "2157"]
[PlyCount "49"]
[EventDate "2002.12.26"]
[EventType "swiss"]
[EventRounds "9"]
[EventCountry "GER"]
[SourceTitle "EXT 2004"]
[Source "ChessBase"]
[SourceDate "2003.11.25"]
[SourceVersion "1"]
[SourceVersionDate "2003.11.25"]
[SourceQuality "1"]

1. e4 c6 2. d4 d5 3. e5 Bf5 4. Nf3 e6 5. a3 c5 6. c4 Nc6 7. cxd5 exd5 8. Nc3 Be6 9. Bb5 a6 10. Bxc6+ bxc6 11. 0-0 Bg4 12. Qa4 Qd7 13. e6 Bxe6 14. Ne5 Qc7 15. Re1 cxd4 16. Nxd5 Bxd5 17. Nxc6+ Be6 18. Ne5+ Kd8 19. Bd2 Bc5 20. Ba5 Bb6 21. Qb4 Ke8 22. Bxb6 Qb7 23. Qa4+ Kf8 24. Bc5+ Ne7 25. Nc6 1-0

[Event "Boeblingen op 18th"]
[Site "Boeblingen"]
[Date "2001.12.29"]
[Round "6"]
[White "Fahnenschmidt, Gerhard"]
[Black "Pfeifer, Wilfried"]
[Result "1-0"]
[WhiteElo "2277"]
[BlackElo "2174"]
[PlyCount "103"]
[EventDate "2001.12.26"]
[EventType "swiss"]
[EventRounds "9"]
[EventCountry "GER"]
[SourceTitle "EXT 2005"]
[Source "ChessBase"]
[SourceDate "2004.11.15"]
[SourceVersion "1"]
[SourceVersionDate "2004.11.15"]
[SourceQuality "1"]

1. d4 f5 2. Bg5 g6 3. Nd2 Bg7 4. e4 fxe4 5. Nxe4 d5 6. Ng3 Nc6 7. c3 Nf6 8. Nf3 0-0 9. Be2 Qd6 10. 0-0 e5 11. dxe5 Nxe5 12. Re1 Kh8 13. Nd4 Bd7 14. Qd2 c5 15. Nb5 Bxb5 16. Bxb5 a6 17. Be2 b5 18. Rad1 Rad8 19. f4 Nf7 20. f5 Ne5 21. fxg6 hxg6 22. Bh6 Qc7 23. Bxg7+ Qxg7 24. Bxb5 axb5 25. Rxe5 Ne4 26. Nxe4 Qxe5 27. Qh6+ Kg8 28. Qxg6+ Qg7 29. Qe6+ Qf7 30. Ng5 Qxe6 31. Nxe6 d4 32. cxd4 cxd4 33. Rd3 Rd5 34. Nxf8 Kxf8 35. Kf2 Ke7 36. g4 Ke6 37. h4 Ke5 38. Kf3 Rd8 39. Rd1 Rf8+ 40. Kg3 Ke4 41. Re1+ Kd3 42. g5 Kd2 43. Re5 d3 44. g6 Kc1 45. Rc5+ Kxb2 46. Rxb5+ Kc2 47. Rc5+ Kb2 48. Rd5 Kc2 49. h5 d2 50. g7 Ra8 51. Rxd2+ Kxd2 52. h6 1-0

[Event "Erkel Memorial op"]
[Site "Gyula"]
[Date "1999.11.07"]
[Round "4"]
[White "Ardeleanu, Alin"]
[Black "Pfeifer, Wilfried"]
[Result "1-0"]
[WhiteElo "2409"]
[BlackElo "2193"]
[PlyCount "99"]
[EventDate "1999.11.??"]
[EventType "swiss"]
[EventRounds "9"]
[EventCountry "HUN"]
[SourceTitle "EXT 2004"]
[Source "ChessBase"]
[SourceDate "2003.11.25"]
[SourceVersion "1"]
[SourceVersionDate "2003.11.25"]
[SourceQuality "1"]

1. e4 d6 2. d4 Nf6 3. Nc3 g6 4. h3 Bg7 5. Be3 Nbd7 6. Nf3 0-0 7. Bc4 c6 8. e5 Nd5 9. Bxd5 cxd5 10. exd6 Nb6 11. dxe7 Qxe7 12. 0-0 Nc4 13. Bc1 Be6 14. a4 Rac8 15. Ne2 Rfd8 16. Re1 Qc7 17. c3 Qb6 18. Ra2 h6 19. Nd2 Na5 20. b4 Nc4 21. Nxc4 Rxc4 22. Bd2 a5 23. b5 g5 24. Ng3 Qd6 25. Qf3 Qd7 26. Nh5 Qe7 27. Raa1 b6 28. Qg3 Re8 29. Kh1 f6 30. f4 Qd6 31. Qf3 Bf7 32. Rxe8+ Bxe8 33. h4 Qe7 34. Nxg7 Kxg7 35. fxg5 hxg5 36. hxg5 fxg5 37. Qxd5 Bf7 38. Qf5 Bg6 39. Qg4 Qe4 40. Qxg5 Qe2 41. Kg1 Qh5 42. Qe7+ Bf7 43. Rf1 Rxa4 44. Qf6+ Kg8 45. Qxb6 Ra2 46. Qd8+ Kg7 47. Qf6+ Kg8 48. Bh6 Rxg2+ 49. Kxg2 Bd5+ 50. Kg3 1-0

[Event "Oberliga Wuerttemberg 9899"]
[Site "Wuerttemberg"]
[Date "1998.11.08"]
[Round "2"]
[White "Pfeifer, Wilfried"]
[Black "Gerstenberger, Heinz"]
[Result "0-1"]
[WhiteElo "2225"]
[BlackElo "2190"]
[PlyCount "70"]
[EventDate "1998.10.??"]
[EventType "team"]
[EventRounds "9"]
[EventCountry "GER"]
[SourceTitle "EXT 2000"]
[Source "ChessBase"]
[SourceDate "1999.11.16"]
[SourceVersion "1"]
[SourceVersionDate "1999.11.16"]
[SourceQuality "1"]

1. f4 d5 2. b3 Nf6 3. Nf3 g6 4. Bb2 Bg7 5. e3 0-0 6. Be2 c5 7. 0-0 Nc6 8. Ne5 Bd7 9. Bf3 Rc8 10. d4 cxd4 11. exd4 Bf5 12. Nc3 Nb4 13. Rf2 Ne4 14. Bxe4 dxe4 15. a3 e3 16. axb4 exf2+ 17. Kxf2 a6 18. g4 Bd7 19. Ne4 Bc6 20. Nc5 Qd5 21. Nxc6 Qxc6 22. c4 Rfd8 23. Qd2 Qc7 24. Qe3 g5 25. Nd3 gxf4 26. Nxf4 Qd7 27. Nd5 e6 28. Nb6 Qc7 29. Nxc8 Qxh2+ 30. Kf3 Qxb2 31. Ne7+ Kf8 32. Rh1 Kxe7 33. Rxh7 Bxd4 34. Qg5+ Bf6 35. Qc5+ Ke8 0-1

[Event "Oberliga Wuerttemberg 9798"]
[Site "Wuerttemberg"]
[Date "1998.02.01"]
[Round "7"]
[White "Pfeifer, Wilfried"]
[Black "Rau, Juergen"]
[Result "1/2-1/2"]
[WhiteElo "2235"]
[BlackElo "2175"]
[PlyCount "82"]
[EventDate "1997.09.??"]
[EventType "team"]
[EventRounds "9"]
[EventCountry "GER"]
[SourceTitle "EXT 1999"]
[Source "ChessBase"]
[SourceDate "1998.11.16"]
[SourceVersion "1"]
[SourceVersionDate "1998.11.16"]
[SourceQuality "1"]

1. f4 c5 2. b3 Nf6 3. Nf3 g6 4. Bb2 Bg7 5. e3 0-0 6. Be2 Nc6 7. 0-0 d5 8. Ne5 Qb6 9. Nc3 a6 10. Bf3 Qc7 11. Nxc6 bxc6 12. Na4 Nd7 13. Bxg7 Kxg7 14. d4 cxd4 15. Qxd4+ Kg8 16. c4 e6 17. Rac1 Qa7 18. cxd5 Qxd4 19. exd4 cxd5 20. Rc7 Rd8 21. Rfc1 Rb8 22. R1c6 Nf6 23. Nc5 Ra8 24. Rb6 Ne8 25. Rcc6 a5 26. Kf2 Bd7 27. Nxd7 Rxd7 28. a3 Rda7 29. Be2 Kf8 30. Ra6 Rxa6 31. Rxa6 Rxa6 32. Bxa6 Nd6 33. Bd3 Ke7 34. h4 h6 35. g4 Kf6 36. b4 axb4 37. axb4 Ke7 38. Ke3 Kd7 39. Kf3 Kc6 40. Ke3 Kb6 41. Be2 Kc7 1/2-1/2